| 000 | 00899nam a2200325 a 4500 | ||
|---|---|---|---|
| 003 | AR-BaBNM | ||
| 005 | 20251128205823.0 | ||
| 008 | 082120s2002 ||||||||||||||000 | spa|| | ||
| 040 | _cAR-BaBNM | ||
| 100 | 1 | _aMussolini, Benito | |
| 245 | 0 | 0 |
_aFascismo revolucionario _bla República Social Italiana |
| 260 |
_aBuenos Aires _bMilicia _c1976 |
||
| 300 | _a142 p. | ||
| 490 | 0 | _aBiblioteca de formación doctrinaria | |
| 650 | 4 | _aCIENCIAS POLITICAS | |
| 650 | 4 | _aDOCTRINAS POLITICAS | |
| 650 | 4 | _aTEORIA | |
| 650 | 4 | _aDERECHOS CIVILES Y POLITICOS | |
| 650 | 4 | _aCONFLICTO DE CLASES | |
| 650 | 4 | _aEDUCACION | |
| 650 | 4 | _aPOLITICA | |
| 650 | 4 | _aDOCTRINAS POLITICAS | |
| 650 | 4 | _aFASCISMO | |
| 650 | 4 | _aIDEOLOGIAS | |
| 650 | 4 | _aSISTEMAS POLITICOS | |
| 700 | 1 |
_aRuiz Campos, Félix _etraductor |
|
| 800 | 1 |
_aRivanera Carles, Federico _edirector |
|
| 942 | _cBK | ||
| 998 | _cMariana | ||
| 999 |
_c12946 _d12946 |
||